Die Verschwörung des Fiesco zu Genua (Record no. 164914)

MARC details
000 -LEADER
campo de control de longitud fija 00850nam a22002295i 4500
001 - NÚMERO DE CONTROL
campo de control 164914
003 - IDENTIFICADOR DE NÚMERO DE CONTROL
campo de control ES-MaACL
005 - FECHA Y HORA DE LA ÚLTIMA TRANSACCIÓN
campo de control 20250313063306.0
008 - DATOS DE LONGITUD FIJA--INFORMACIÓN GENERAL
campo de control de longitud fija 050905s1890 gw |||| | ger d
040 ## - FUENTE DE CATALOGACIÓN
Centro catalogador/agencia de origen CAM
Lengua de catalogación spa
Centro/agencia transcriptor CAM
100 1# - ENTRADA PRINCIPAL--NOMBRE DE PERSONA
Nombre de persona Schiller, Friedrich,
Fechas asociadas al nombre 1759-1805
9 (RLIN) 104361
245 14 - MENCIÓN DEL TÍTULO
Título Die Verschwörung des Fiesco zu Genua
Resto del título : ein republikanisches Trauerspiel /
Mención de responsabilidad, etc. von Fr. von Schiller.
260 ## - PUBLICACIÓN, DISTRIBUCIÓN, ETC.
Lugar de publicación, distribución, etc. Leipzig :
Nombre del editor, distribuidor, etc. verlag von Philipp Reclam jun.,
Fecha de publicación, distribución, etc. [s.a.]
300 ## - DESCRIPCIÓN FÍSICA
Extensión 109 p. ;
Dimensiones 15 cm.
490 1# - MENCIÓN DE SERIE
Mención de serie Universal-Bibliothek ;
Designación de volumen o secuencia 51
596 ## - NOTA AL PIE DE IMPRENTA
NOTA AL PIE DE IMPRENTA Probablemente impreso ca. 1890.
700 1# - ENTRADA AGREGADA--NOMBRE PERSONAL
Nombre de persona Reclam, Philipp,
Término indicativo de función/relación
9 (RLIN) 131649
752 ## - ENTRADA AGREGADA--NOMBRE JERÁRQUICO DEL LUGAR
País o entidad superior Alemania -
Ciudad Leipzig
830 0# - PUNTO DE ACCESO ADICIONAL DE SERIE-TÍTULO UNIFORME
Título uniforme Universal-Bibliothek ;
Designación de volumen o secuencia 51
9 (RLIN) 191906
852 ## - LOCALIZACIÓN
Ubicación ES-MaACL
Número de control de estantería Fol-Laf-462
condición física -- Rúst.
Nota libre -- Legado de Modesto de la Fuente
Holdings
Estatus retirado Estado de pérdida Estado de daño No para préstamo Colección Biblioteca de origen Biblioteca actual Ubicación en estantería Fecha de adquisición Fuente de adquisición Total de préstamos Signatura topográfica completa Código de barras Visto por última vez Precio de reemplazo Tipo de ítem Koha
        Colección de folletos Biblioteca del Ateneo de Madrid Biblioteca del Ateneo de Madrid Depósito folletos 17/01/2008     Fol-Laf-462 1172879 23/02/2023 23/02/2023 Folleto